000 00261nam a2200097Ia 4500
008 240321s9999 xx 000 0 und d
082 _a791.43
_bBAR
100 _aBarbas, Samantha
245 0 _aMovie crazy: fans stars, and the cult of celebrity
260 _bPalgrave
999 _c60823
_d60823